[Event "35 Andorra Open"]
[Site "Escaldes"]
[Date "2017.07.28"]
[Round "7.2"]
[White "Forcen Esteban, Daniel"]
[Black "Riff, Jean-Noel"]
[Result "1-0"]
[WhiteElo "2536"]
[BlackElo "2493"]
[PlyCount "83"]
[EventDate "2017.07.22"]
[EventType "swiss"]
[EventRounds "9"]
[EventCountry "AND"]
[WhiteClock "0:42:58"]
[BlackClock "1:08:04"]

1. e4 c5 2. Nf3 d6 3. d4 cxd4 4. Nxd4 Nf6 5. Nc3 a6 6. h3 e5 7. Nb3 Be6 8. f4
g6 9. Be2 Nbd7 10. g4 Rc8 11. f5 Bxb3 12. axb3 Rxc3 13. bxc3 Nxe4 14. O-O Qh4
15. Bf3 gxf5 16. Bxe4 fxe4 17. Kh2 Be7 18. Rf5 Rg8 19. Be3 Nf6 20. g5 h5 21.
Bf2 Ng4+ 22. Qxg4 Qxf2+ 23. Rxf2 hxg4 24. h4 f6 25. Kg3 fxg5 26. h5 Kd7 27.
Kxg4 Ke6 28. c4 b5 29. cxb5 axb5 30. h6 Rh8 31. Rh2 e3 32. h7 d5 33. Ra6+ Kf7
34. Kf5 d4 35. Kxe5 g4 36. Kf4 Bf6 37. Kxg4 Be5 38. Rh5 Bg7 39. Kf3 Rc8 40.
Rf5+ Ke7 41. Ra7+ Ke6 42. Rxg7 1-0

[Event "35 Andorra Open"]
[Site "Escaldes"]
[Date "2017.07.28"]
[Round "7.3"]
[White "Zoler, Dan"]
[Black "Suarez Gomez, Julio"]
[Result "1/2-1/2"]
[WhiteElo "2499"]
[BlackElo "2474"]
[PlyCount "152"]
[EventDate "2017.07.22"]
[EventType "swiss"]
[EventRounds "9"]
[EventCountry "AND"]
[WhiteClock "0:03:51"]
[BlackClock "0:03:36"]

1. d4 e6 2. c4 Nf6 3. Nf3 d5 4. Nc3 dxc4 5. e3 a6 6. a4 c5 7. Bxc4 Nc6 8. O-O
Be7 9. Qe2 O-O 10. Rd1 Qc7 11. h3 Rd8 12. b3 Na5 13. d5 exd5 14. Bxd5 Nxd5 15.
Nxd5 Rxd5 16. Rxd5 Be6 17. Rd1 Nxb3 18. Rb1 Qa5 19. Qc2 Qxa4 20. Nd2 c4 21.
Nxb3 cxb3 22. Qc7 Qe8 23. Bd2 b5 24. Ba5 Bf6 25. Rd2 Rc8 26. Qf4 h6 27. h4 Rc4
28. e4 Qc6 29. Re2 b2 30. Kh2 Ra4 31. Bc7 Ba2 32. Rbxb2 Bxb2 33. Rxb2 Rxe4 34.
Qg3 Bc4 35. f3 Re6 36. Rd2 Kh7 37. Be5 f6 38. Bb2 Re2 39. Bc3 Rxd2 40. Bxd2 Qc5
41. Qe1 Bd3 42. Bc3 h5 43. Kh1 Bg6 44. Kh2 Qc6 45. Kh1 Qd7 46. Kh2 Kg8 47. Kh1
Bf5 48. Bb4 Kf7 49. Kg1 Qd4+ 50. Kh1 Qe5 51. Qd2 Be6 52. Bc3 Qg3 53. Qd4 Qc7
54. Qd2 Qc4 55. Qe1 Ke8 56. Ba5 Kd7 57. Qf2 Qc1+ 58. Kh2 Qf4+ 59. Kg1 Ke8 60.
Qe1 Kf7 61. Bc3 g5 62. hxg5 Qxg5 63. Bd2 Qc5+ 64. Kh1 Qd4 65. Bc3 Qc4 66. Ba5
h4 67. Qb1 Kg7 68. Qe1 Kg6 69. Bd2 Qd5 70. Qe3 h3 71. Qh6+ Kf7 72. Qh7+ Ke8 73.
Bb4 hxg2+ 74. Kxg2 Bf7 75. Qh8+ Kd7 76. Qxf6 Qa2+ 1/2-1/2

[Event "35 Andorra Open"]
[Site "Escaldes"]
[Date "2017.07.28"]
[Round "7.4"]
[White "Jerez Perez, Alfonso"]
[Black "Valsecchi, Alessio"]
[Result "1-0"]
[WhiteElo "2405"]
[BlackElo "2506"]
[PlyCount "141"]
[EventDate "2017.07.22"]
[EventType "swiss"]
[EventRounds "9"]
[EventCountry "AND"]
[WhiteClock "0:19:02"]
[BlackClock "0:09:37"]

1. e4 e5 2. Nc3 Nc6 3. Bc4 Nf6 4. d3 Na5 5. Nf3 Nxc4 6. dxc4 Bb4 7. Qd3 d6 8.
Bd2 Nd7 9. a3 Nc5 10. Qe3 Bxc3 11. Bxc3 Qe7 12. O-O-O a5 13. Nd2 Na4 14. Nb3
Nxc3 15. Qxc3 a4 16. Nd2 O-O 17. Nf1 f5 18. exf5 Rxf5 19. f3 b6 20. Ne3 Rf7 21.
Nd5 Qg5+ 22. Rd2 Be6 23. Kb1 Qh4 24. h3 Ra5 25. Qb4 Rc5 26. Qxa4 b5 27. Qa8+
Rf8 28. Qa7 Bf7 29. Rhd1 e4 30. fxe4 Qxe4 31. Rd4 Qxg2 32. Nf6+ Kh8 33. Nd7 Ra8
34. Qxa8+ Qxa8 35. Nxc5 Bxc4 36. Ne4 h6 37. Nc3 Kh7 38. Rg1 Be6 39. h4 Qa7 40.
Rgd1 Qb7 41. Re1 Bg8 42. Rg4 c6 43. b3 Bf7 44. Kb2 d5 45. Reg1 g6 46. Rf4 Kg7
47. Re1 c5 48. Nxb5 Qxb5 49. Re7 g5 50. hxg5 hxg5 51. Rfxf7+ Kg6 52. Rg7+ Kf5
53. Ref7+ Kg4 54. Rf2 c4 55. Rg2+ Kf4 56. R7xg5 cxb3 57. cxb3 Qc6 58. R5g4+ Kf5
59. Rd4 Ke5 60. Rgd2 Qf6 61. Rxd5+ Ke4+ 62. Ka2 Qf1 63. R5d4+ Ke5 64. Rc4 Qe1
65. Rdc2 Kd5 66. a4 Kd6 67. Rc5 Qd1 68. a5 Qf1 69. Rc6+ Kd7 70. a6 Qe1 71. R6c4
1-0

[Event "35 Andorra Open"]
[Site "Escaldes"]
[Date "2017.07.28"]
[Round "7.5"]
[White "Steinberg, Nitzan"]
[Black "Farran Martos, Francesc X"]
[Result "1/2-1/2"]
[WhiteElo "2543"]
[BlackElo "2412"]
[PlyCount "41"]
[EventDate "2017.07.22"]
[EventType "swiss"]
[EventRounds "9"]
[EventCountry "AND"]
[WhiteClock "0:18:05"]
[BlackClock "0:41:59"]

1. e4 c5 2. Nf3 e6 3. d4 cxd4 4. Nxd4 Nc6 5. Nc3 a6 6. Be3 Nf6 7. Be2 Qc7 8.
O-O b5 9. Nxc6 dxc6 10. f4 Bb7 11. e5 Rd8 12. Qe1 Nd7 13. Qf2 Be7 14. a4 b4 15.
Nb1 c5 16. c3 O-O 17. Rc1 Qb8 18. Nd2 f6 19. exf6 Nxf6 20. cxb4 cxb4 21. Bc4
1/2-1/2

[Event "35 Andorra Open"]
[Site "Escaldes"]
[Date "2017.07.28"]
[Round "7.6"]
[White "Kaspi, Alexander"]
[Black "Santos Latasa, Jaime"]
[Result "1-0"]
[WhiteElo "2435"]
[BlackElo "2542"]
[PlyCount "71"]
[EventDate "2017.07.22"]
[EventType "swiss"]
[EventRounds "9"]
[EventCountry "AND"]
[WhiteClock "0:49:50"]
[BlackClock "1:07:54"]

1. d4 Nf6 2. c4 g6 3. f3 Bg7 4. e4 d6 5. Nc3 O-O 6. Be3 c5 7. d5 e6 8. Nge2
exd5 9. cxd5 a6 10. a4 Nbd7 11. Ng3 h5 12. Be2 h4 13. Nf1 Nh7 14. Nd2 f5 15.
exf5 gxf5 16. O-O Ne5 17. Kh1 Kh8 18. f4 Ng4 19. Bg1 Re8 20. Nc4 Bxc3 21. bxc3
Ngf6 22. Bf3 Rb8 23. a5 Ne4 24. Bxe4 Rxe4 25. Nd2 Re7 26. Qh5 Bd7 27. Bf2 Rg7
28. Bxh4 Qe8 29. Qxe8+ Rxe8 30. Rfe1 Kg8 31. Nc4 Rg6 32. Nb6 Nf8 33. Rxe8 Bxe8
34. Re1 Bf7 35. c4 Nh7 36. Nc8 1-0

[Event "35 Andorra Open"]
[Site "Escaldes"]
[Date "2017.07.28"]
[Round "7.7"]
[White "Del Rio De Angelis, Salvador G"]
[Black "Zanan, Evgeny"]
[Result "1/2-1/2"]
[WhiteElo "2522"]
[BlackElo "2428"]
[PlyCount "54"]
[EventDate "2017.07.22"]
[EventType "swiss"]
[EventRounds "9"]
[EventCountry "AND"]
[WhiteClock "0:18:52"]
[BlackClock "0:13:24"]

1. c4 e5 2. e3 Nf6 3. Nc3 Bb4 4. d3 c6 5. Nf3 d6 6. Bd2 O-O 7. Be2 Re8 8. O-O
Nbd7 9. Qc2 Ba5 10. Rfd1 Nf8 11. h3 Ng6 12. Bf1 h6 13. Rab1 Be6 14. Be1 Rc8 15.
b4 Bb6 16. c5 Bc7 17. cxd6 Qxd6 18. a4 Qe7 19. b5 cxb5 20. axb5 Nd5 21. Qa4 Bb6
22. Nxd5 Bxd5 23. Be2 e4 24. dxe4 Bxe4 25. Rb2 Qc7 26. Nd4 Rcd8 27. Rbd2 Nf8
1/2-1/2

[Event "35 Andorra Open"]
[Site "Escaldes"]
[Date "2017.07.28"]
[Round "7.8"]
[White "Caspi, Israel"]
[Black "Ben Artzi, Ido"]
[Result "0-1"]
[WhiteElo "2487"]
[BlackElo "2380"]
[PlyCount "64"]
[EventDate "2017.07.22"]
[EventType "swiss"]
[EventRounds "9"]
[EventCountry "AND"]
[WhiteClock "0:02:57"]
[BlackClock "0:12:54"]

1. e4 g6 2. d4 Bg7 3. Nc3 d6 4. f4 Nf6 5. Nf3 O-O 6. e5 dxe5 7. fxe5 Nd5 8. Bc4
Nxc3 9. bxc3 c5 10. O-O Bg4 11. Be3 Nc6 12. h3 Bxf3 13. Rxf3 Qa5 14. Qd3 Rad8
15. Raf1 Nxe5 16. dxe5 Rxd3 17. cxd3 Kh8 18. Rxf7 Rxf7 19. Rxf7 b5 20. Rxe7 Qd8
21. Rxg7 Kxg7 22. Bxb5 Qa5 23. Bc4 Qxc3 24. Kf2 Qxe5 25. Kf3 h5 26. Bf4 Qf6 27.
Ke4 Qf5+ 28. Ke3 g5 29. Bb8 Qf1 30. Bd5 Kf6 31. Bxa7 Qf4+ 32. Ke2 Qc7 0-1

[Event "35 Andorra Open"]
[Site "Escaldes"]
[Date "2017.07.28"]
[Round "7.9"]
[White "Comas Fabrego, Lluis"]
[Black "AKSHAT, Khamparia"]
[Result "1/2-1/2"]
[WhiteElo "2481"]
[BlackElo "2342"]
[PlyCount "41"]
[EventDate "2017.07.22"]
[EventType "swiss"]
[EventRounds "9"]
[EventCountry "AND"]

1. Nf3 Nf6 2. c4 g6 3. g3 Bg7 4. Bg2 O-O 5. O-O d6 6. d4 Nbd7 7. Nc3 e5 8. e4
a6 9. a4 a5 10. h3 c6 11. Be3 Re8 12. Qc2 exd4 13. Nxd4 Nc5 14. Rfe1 Nfd7 15.
Rad1 Na6 16. f4 Qe7 17. Bf2 Ndc5 18. Qb1 Bd7 19. Kh2 Rad8 20. Kg1 h5 21. Bf1
1/2-1/2

[Event "35 Andorra Open"]
[Site "Escaldes"]
[Date "2017.07.28"]
[Round "7.10"]
[White "ALOMA VIDAL, Robert"]
[Black "Soham, Das"]
[Result "1/2-1/2"]
[WhiteElo "2457"]
[BlackElo "2020"]
[PlyCount "110"]
[EventDate "2017.07.22"]
[EventType "swiss"]
[EventRounds "9"]
[EventCountry "AND"]

1. d4 f5 2. g3 Nf6 3. Bg2 g6 4. Nh3 Bg7 5. Nf4 Nc6 6. d5 Ne5 7. Nc3 c6 8. O-O
O-O 9. e4 fxe4 10. Nxe4 Nxd5 11. Nxd5 cxd5 12. Qxd5+ e6 13. Qd1 d5 14. Nc5 Qb6
15. Nd3 Nxd3 16. Qxd3 Bd7 17. a4 Bd4 18. Be3 Bxe3 19. fxe3 Bc6 20. b3 Qc5 21.
c3 a5 22. Qd4 Qe7 23. Qe5 Rf5 24. Rxf5 gxf5 25. Rf1 Re8 26. Rf4 Qg7 27. Qxg7+
Kxg7 28. g4 fxg4 29. Rxg4+ Kf6 30. Rf4+ Kg6 31. Bf1 e5 32. Bd3+ e4 33. Be2 Bd7
34. c4 Be6 35. Kf2 Kg5 36. Kg3 dxc4 37. Bxc4 Bxc4 38. bxc4 Kg6 39. Rg4+ Kf6 40.
Rf4+ Kg6 41. Kg4 Re5 42. Rf8 Rc5 43. Ra8 b6 44. Ra6 Rxc4 45. Rxb6+ Kg7 46. Kg5
Rxa4 47. Rb7+ Kg8 48. Kf6 h6 49. Rg7+ Kh8 50. Ra7 Kg8 51. h4 Ra3 52. Kg6 Kf8
53. Kf6 Kg8 54. Kg6 Kf8 55. Kf6 Kg8 1/2-1/2

[Event "35 Andorra Open"]
[Site "Escaldes"]
[Date "2017.07.28"]
[Round "7.11"]
[White "Landa, Konstantin"]
[Black "AKASH PC, Iyer"]
[Result "1/2-1/2"]
[WhiteElo "2617"]
[BlackElo "2300"]
[PlyCount "63"]
[EventDate "2017.07.22"]
[EventType "swiss"]
[EventRounds "9"]
[EventCountry "AND"]

1. Nf3 Nf6 2. g3 g6 3. Bg2 Bg7 4. O-O O-O 5. d4 d6 6. b3 c5 7. c4 Nc6 8. Bb2
Ne4 9. Nbd2 Nxd2 10. Qxd2 Bg4 11. e3 h6 12. h3 Bc8 13. Rad1 Qc7 14. d5 Nb8 15.
e4 Nd7 16. Rfe1 Bxb2 17. Qxb2 Ne5 18. Nh2 g5 19. f4 Ng6 20. Qf2 f6 21. h4 Kg7
22. Bf3 Bd7 23. hxg5 hxg5 24. fxg5 Ne5 25. Qe3 Rh8 26. Rd2 Rh3 27. gxf6+ exf6
28. Nf1 Rah8 29. Bg2 R3h6 30. Qf4 Qd8 31. Ne3 Qe8 32. Kf2 1/2-1/2

[Event "35 Andorra Open"]
[Site "Escaldes"]
[Date "2017.07.28"]
[Round "7.12"]
[White "Dvirnyy, Danyyil"]
[Black "Shevelev, Dmitri"]
[Result "1-0"]
[WhiteElo "2558"]
[BlackElo "2283"]
[PlyCount "63"]
[EventDate "2017.07.22"]
[EventType "swiss"]
[EventRounds "9"]
[EventCountry "AND"]

1. e4 c6 2. d4 d5 3. e5 Bf5 4. h4 h5 5. Bd3 Bxd3 6. Qxd3 e6 7. Bg5 Qa5+ 8. Nd2
Qa6 9. c4 Bb4 10. b3 c5 11. Ngf3 Nc6 12. dxc5 dxc4 13. bxc4 Nge7 14. O-O Bxd2
15. Qxd2 Qxc4 16. Bxe7 Nxe7 17. Rab1 Nd5 18. Rxb7 O-O 19. Qg5 Qxc5 20. Rc1 Qa3
21. Nd4 Rfb8 22. Nxe6 Qxc1+ 23. Qxc1 Rxb7 24. Qc6 Rb1+ 25. Kh2 Nb6 26. Ng5 Re1
27. Qf3 Rxe5 28. Qxf7+ Kh8 29. Qxh5+ Kg8 30. Qh7+ Kf8 31. Qh8+ Ke7 32. Qxg7+
1-0

[Event "35 Andorra Open"]
[Site "Escaldes"]
[Date "2017.07.28"]
[Round "7.13"]
[White "Tahay, Alexis"]
[Black "Baron, Tal"]
[Result "1/2-1/2"]
[WhiteElo "2290"]
[BlackElo "2547"]
[PlyCount "101"]
[EventDate "2017.07.22"]
[EventType "swiss"]
[EventRounds "9"]
[EventCountry "AND"]

1. Nf3 d6 2. d4 f5 3. c4 Nf6 4. Nc3 g6 5. g3 Bg7 6. Bg2 O-O 7. O-O Nc6 8. d5
Na5 9. Nd2 c5 10. Qc2 e5 11. dxe6 Bxe6 12. Rd1 Rb8 13. b3 a6 14. Bb2 Qe7 15.
Nf1 b5 16. cxb5 axb5 17. Ne3 Rfe8 18. Ncd5 Nxd5 19. Nxd5 Bxd5 20. Bxd5+ Kh8 21.
Bxg7+ Qxg7 22. Qd2 Nb7 23. Bxb7 Qxb7 24. Qxd6 Qb6 25. Qxb6 Rxb6 26. Rac1 Rxe2
27. Rxc5 Rb7 28. Rdd5 Rxa2 29. Rxb5 Re7 30. Re5 Rd7 31. Red5 Re7 32. Rd4 Rb2
33. Rdb4 Re1+ 34. Kg2 Ree2 35. Rf4 Re7 36. Rfb4 Ree2 37. Rf4 Re7 38. Rb6 Kg7
39. h3 h5 40. g4 hxg4 41. hxg4 fxg4 42. Rxg4 Rf7 43. Rgxg6+ Kh8 44. Rgf6 Rxf6
45. Rxf6 Rxb3 46. Rg6 Kh7 47. Rg4 Kh6 48. f3 Rb5 49. f4 Rb3 50. Rg8 Ra3 51. Kf2
1/2-1/2

[Event "35 Andorra Open"]
[Site "Escaldes"]
[Date "2017.07.28"]
[Round "7.14"]
[White "Llaneza Vega, Patricia"]
[Black "Kogan, Arthur"]
[Result "1/2-1/2"]
[WhiteElo "2271"]
[BlackElo "2529"]
[PlyCount "246"]
[EventDate "2017.07.22"]
[EventType "swiss"]
[EventRounds "9"]
[EventCountry "AND"]

1. e4 c5 2. Nf3 e6 3. d4 cxd4 4. Nxd4 a6 5. Nc3 Qc7 6. Bd3 Nf6 7. O-O Bc5 8.
Nb3 Ba7 9. Qf3 Nc6 10. Bf4 d6 11. Rad1 Ne5 12. Qe2 Bd7 13. Kh1 Bc6 14. Bg5 h5
15. f4 Neg4 16. f5 O-O-O 17. Bf4 Qb6 18. fxe6 fxe6 19. Bc4 d5 20. exd5 exd5 21.
Bd3 Ne4 22. Nd4 Rhe8 23. Bxe4 dxe4 24. Nf5 Nf2+ 25. Rxf2 Qxf2 26. Qxf2 Bxf2 27.
Be3 Bxe3 28. Nxe3 Rxd1+ 29. Ncxd1 Kd7 30. Kg1 Rf8 31. Nf2 Ke6 32. Kf1 g5 33.
Ke2 b5 34. a3 a5 35. c3 Ke5 36. Nc2 Bd5 37. Ke3 Rb8 38. Nh3 Kf6 39. Nf2 Ke5 40.
Nh3 Kf5 41. Nd4+ Kf6 42. Nc2 Bc4 43. Nf2 Bd3 44. Nd4 g4 45. Nc6 Ra8 46. Nd4 b4
47. axb4 axb4 48. cxb4 Rb8 49. b5 Bxb5 50. Nxe4+ Ke5 51. h3 Be8 52. hxg4 hxg4
53. Nf2 g3 54. Ng4+ Kd5 55. Nf6+ Ke5 56. Ng4+ Kd6 57. Nf5+ Ke6 58. Ng7+ Kf7 59.
Nxe8 Kxe8 60. Kf4 Rb3 61. Ne5 Ke7 62. Nf3 Kf6 63. Kxg3 Kf5 64. Kf2 Rxb2+ 65.
Ke3 Kg4 66. Ne5+ Kg3 67. Nd3 Ra2 68. Nf4 Ra3+ 69. Nd3 Ra8 70. Kd4 Rd8+ 71. Ke4
Re8+ 72. Kd4 Kxg2 73. Ne5 Kg3 74. Ke4 Kh4 75. Kd4 Kg5 76. Kd5 Kf5 77. Nc6 Kf4
78. Kd6 Ke4 79. Ne7 Rh8 80. Nc6 Rh5 81. Ne7 Rg5 82. Nc6 Rd5+ 83. Ke6 Rd1 84.
Ne7 Ra1 85. Kd6 Rh1 86. Nc6 Rh5 87. Ne7 Rh6+ 88. Kc5 Rf6 89. Nc6 Re6 90. Nb4
Re8 91. Nc6 Kf5 92. Kd5 Re1 93. Nd4+ Kf6 94. Kc4 Rc1+ 95. Kd5 Rd1 96. Ke4 Ra1
97. Kd5 Ra5+ 98. Ke4 Kg5 99. Nf3+ Kg4 100. Ne5+ Kg3 101. Kd4 Kf4 102. Nd3+ Kf5
103. Nc5 Ra8 104. Nd3 Rd8+ 105. Kc4 Ke4 106. Nc5+ Ke3 107. Kb5 Rh8 108. Kc4 Rh5
109. Ne6 Rf5 110. Nc5 Re5 111. Nb3 Re8 112. Nc5 Rd8 113. Nb3 Ke4 114. Nc5+ Kf5
115. Nd3 Rc8+ 116. Kd4 Rd8+ 117. Kc4 Ke4 118. Nc5+ Ke3 119. Nb3 Rd7 120. Nc5
Rd4+ 121. Kb5 Rh4 122. Kc6 Kd4 123. Ne6+ Ke5 1/2-1/2

[Event "35 Andorra Open"]
[Site "Escaldes"]
[Date "2017.07.28"]
[Round "7.15"]
[White "ANDRE, Gordon"]
[Black "Kobo, Ori"]
[Result "0-1"]
[WhiteElo "2259"]
[BlackElo "2494"]
[PlyCount "72"]
[EventDate "2017.07.22"]
[EventType "swiss"]
[EventRounds "9"]
[EventCountry "AND"]

1. d4 Nf6 2. c4 e6 3. Nf3 Bb4+ 4. Bd2 c5 5. Bxb4 cxb4 6. e3 O-O 7. Be2 d6 8. a3
Nc6 9. O-O b6 10. Qa4 Bd7 11. Qb3 a5 12. axb4 Nxb4 13. Nc3 Qc7 14. Rfd1 Rac8
15. Rd2 e5 16. dxe5 dxe5 17. Rad1 h6 18. Rd6 Bf5 19. Nb5 Qc5 20. Qc3 Bc2 21.
Ra1 Ne4 22. Qxe5 Qxe5 23. Nxe5 Nxd6 24. Nxd6 Rcd8 25. c5 bxc5 26. Ndxf7 Rd2 27.
Bc4 Kh7 28. Rxa5 Rd1+ 29. Bf1 Rxf7 30. Nxf7 Bd3 31. h4 Rxf1+ 32. Kh2 Rxf2 33.
Nd6 c4 34. Ra7 Rxb2 35. h5 Nd5 36. Ne8 Kg8 0-1

[Event "35 Andorra Open"]
[Site "Escaldes"]
[Date "2017.07.28"]
[Round "7.16"]
[White "Srijit, Paul"]
[Black "Hansen, Torbjorn Ringdal"]
[Result "1/2-1/2"]
[WhiteElo "2247"]
[BlackElo "2429"]
[PlyCount "69"]
[EventDate "2017.07.22"]
[EventType "swiss"]
[EventRounds "9"]
[EventCountry "AND"]

1. e4 c6 2. d4 d5 3. Nc3 dxe4 4. Nxe4 Nf6 5. Nxf6+ exf6 6. c3 Bd6 7. Bd3 O-O 8.
Qc2 Re8+ 9. Ne2 h5 10. O-O h4 11. h3 Nd7 12. Be3 Nf8 13. c4 Bc7 14. Rfe1 Ne6
15. Rad1 Qd6 16. Nf4 g5 17. c5 Qf8 18. Nxe6 Bxe6 19. Bc4 Rad8 20. Qb3 Bxc4 21.
Qxc4 Rd5 22. b4 a6 23. a4 Re4 24. f3 Re6 25. Bf2 Qd8 26. b5 axb5 27. axb5 Kg7
28. Re4 Bg3 29. bxc6 bxc6 30. Qe2 Bxf2+ 31. Kxf2 Rxe4 32. Qxe4 Rxc5 33. dxc5
Qxd1 34. Qxc6 Qd2+ 35. Kf1 1/2-1/2

[Event "35 Andorra Open"]
[Site "Escaldes"]
[Date "2017.07.28"]
[Round "7.17"]
[White "Dan, Teodor"]
[Black "Llaneza Vega, Marcos"]
[Result "0-1"]
[WhiteElo "2191"]
[BlackElo "2416"]
[PlyCount "74"]
[EventDate "2017.07.22"]
[EventType "swiss"]
[EventRounds "9"]
[EventCountry "AND"]

1. d4 Nf6 2. c4 Nc6 3. d5 Ne5 4. e4 e6 5. f4 Ng6 6. Bd3 exd5 7. cxd5 Bb4+ 8.
Nc3 O-O 9. Nge2 d6 10. O-O Ng4 11. Qe1 f5 12. h3 fxe4 13. Bxe4 Nf6 14. Bxg6
hxg6 15. Qf2 Bf5 16. Be3 Qd7 17. a3 Ba5 18. b4 Bb6 19. Bxb6 axb6 20. Nd4 Rfe8
21. Rfe1 Qf7 22. Nxf5 gxf5 23. Rxe8+ Rxe8 24. Re1 Ra8 25. Qa2 Nh5 26. a4 Nxf4
27. Rf1 Qe7 28. Qd2 Ng6 29. Rxf5 Re8 30. Nb5 Qe4 31. Rf1 Re7 32. Qg5 Re5 33.
Qc1 Nh4 34. Rf2 Qxb4 35. Qxc7 Qe1+ 36. Rf1 Nf3+ 37. gxf3 Rg5+ 0-1

[Event "35 Andorra Open"]
[Site "Escaldes"]
[Date "2017.07.28"]
[Round "7.18"]
[White "Garcia Paolicchi, Raul"]
[Black "Iniyan, P."]
[Result "0-1"]
[WhiteElo "2189"]
[BlackElo "2380"]
[PlyCount "132"]
[EventDate "2017.07.22"]
[EventType "swiss"]
[EventRounds "9"]
[EventCountry "AND"]

1. d4 Nf6 2. Bg5 d5 3. Bxf6 exf6 4. e3 Bd6 5. g3 c6 6. Bg2 Nd7 7. Ne2 f5 8. Nd2
Nf6 9. c4 dxc4 10. Nxc4 Bc7 11. Qd3 Be6 12. Rc1 O-O 13. O-O Qe7 14. a3 Rfd8 15.
Rfd1 a5 16. Nc3 Rab8 17. Nd2 g6 18. Qf1 Ra8 19. Na4 Bd5 20. Nc5 Bd6 21. Bxd5
Nxd5 22. Nd3 Nb6 23. Nc4 Nxc4 24. Rxc4 Bc7 25. Rdc1 Rd5 26. Qg2 Bd6 27. R1c3
Qe4 28. Rb3 Rb5 29. Qxe4 fxe4 30. Nc1 a4 31. Rxb5 cxb5 32. Rc2 b4 33. axb4 Bxb4
34. Rc7 Rb8 35. Kf1 b5 36. Ke2 Bd6 37. Rc6 Be7 38. f3 exf3+ 39. Kxf3 b4 40. b3
a3 41. Na2 f5 42. Kf4 Bf8 43. e4 Rd8 44. Rc4 Bh6+ 45. Kf3 fxe4+ 46. Kxe4 Re8+
47. Kd5 Re2 48. Nxb4 a2 49. Nxa2 Rxa2 50. b4 Rxh2 51. b5 Rb2 52. Kc6 Bd2 53. d5
Be1 54. g4 Bg3 55. b6 h5 56. gxh5 gxh5 57. d6 Rd2 58. Rc3 Rxd6+ 59. Kc5 Rg6 60.
b7 Bf4 61. Rc4 Bb8 62. Rh4 Rg5+ 63. Kc6 Kh7 64. Kd7 Rg7+ 65. Kc8 Rg8+ 66. Kd7
Kh6 0-1

[Event "35 Andorra Open"]
[Site "Escaldes"]
[Date "2017.07.28"]
[Round "7.19"]
[White "Rohith, Krishna S"]
[Black "Quintin Navarro, Alberto"]
[Result "1/2-1/2"]
[WhiteElo "2137"]
[BlackElo "2380"]
[PlyCount "66"]
[EventDate "2017.07.22"]
[EventType "swiss"]
[EventRounds "9"]
[EventCountry "AND"]

1. d4 Nf6 2. Nf3 g6 3. g3 Bg7 4. Bg2 O-O 5. O-O c6 6. b3 d6 7. Bb2 Qa5 8. Nbd2
Qh5 9. Re1 Bh3 10. Bh1 Nbd7 11. e3 d5 12. e4 dxe4 13. Nxe4 Rfe8 14. c4 Bg4 15.
Qd3 Nxe4 16. Qxe4 Rad8 17. Qe3 c5 18. Ne5 Nxe5 19. dxe5 b6 20. Bc6 Rf8 21. f3
Bh6 22. Qf2 Be6 23. Rad1 Qh3 24. Qg2 Qxg2+ 25. Kxg2 Bd2 26. Re2 Ba5 27. Bd5 Rd7
28. Bc1 Rfd8 29. Bg5 Kf8 30. Bh6+ Kg8 31. Bg5 Kf8 32. Bh6+ Kg8 33. Bg5 Kf8
1/2-1/2

[Event "35 Andorra Open"]
[Site "Escaldes"]
[Date "2017.07.28"]
[Round "7.20"]
[White "AJAY, Karthikeyan"]
[Black "Fell, Sebastian"]
[Result "0-1"]
[WhiteElo "2187"]
[BlackElo "2343"]
[PlyCount "90"]
[EventDate "2017.07.22"]
[EventType "swiss"]
[EventRounds "9"]
[EventCountry "AND"]

1. d4 Nf6 2. c4 g6 3. Nf3 Bg7 4. g3 O-O 5. Bg2 d6 6. O-O Nc6 7. Nc3 a6 8. d5
Na5 9. b3 Rb8 10. Bb2 b5 11. cxb5 axb5 12. Rc1 b4 13. Na4 Bb7 14. e4 e6 15.
dxe6 fxe6 16. Nd4 Qe7 17. Qc2 e5 18. Ne2 c5 19. a3 bxa3 20. Bxa3 Ba6 21. Rb1
Qf7 22. f4 exf4 23. e5 dxe5 24. Nxc5 Rfc8 25. gxf4 e4 26. Rfe1 Bd3 27. Qc3 Qa7
28. Kh1 Ng4 29. Qd2 e3 30. Qa2 Bxb1 31. Rxb1 Kh8 32. b4 Nc6 33. Qe6 Nf2+ 34.
Kg1 Nd4 35. Qxe3 Ng4 36. Qh3 Nxe2+ 37. Kf1 Nxf4 38. Qxg4 Nxg2 39. Bc1 Rxc5 40.
bxc5 Ne3+ 41. Bxe3 Rxb1+ 42. Ke2 Qa6+ 43. Kf3 Qf1+ 44. Kg3 Be5+ 45. Kh4 Qe1+
0-1

[Event "35 Andorra Open"]
[Site "Escaldes"]
[Date "2017.07.28"]
[Round "7.21"]
[White "Gozzoli, Yannick"]
[Black "Fernandez Soriano, Ruben"]
[Result "1-0"]
[WhiteElo "2594"]
[BlackElo "2199"]
[PlyCount "81"]
[EventDate "2017.07.22"]
[EventType "swiss"]
[EventRounds "9"]
[EventCountry "AND"]

1. d4 Nf6 2. c4 e6 3. Nc3 d5 4. cxd5 exd5 5. Bg5 Be7 6. e3 Nbd7 7. Bd3 Nf8 8.
Nge2 Ne6 9. Bh4 c6 10. Qc2 g6 11. f3 O-O 12. O-O c5 13. Qd2 b6 14. Rad1 Bb7 15.
Bf2 Rc8 16. Bc2 a6 17. a3 Re8 18. Bb3 cxd4 19. Nxd4 Nc5 20. Ba2 Ncd7 21. e4 Ne5
22. exd5 Nxd5 23. Nc6 Bxc6 24. Nxd5 Bc5 25. Bxc5 Bxd5 26. Bxd5 bxc5 27. f4 Ng4
28. f5 Qc7 29. g3 Ne5 30. fxg6 hxg6 31. Qh6 Qb6 32. Qf4 c4+ 33. Kh1 Rc7 34.
Rfe1 Qxb2 35. Rd2 Qxa3 36. Rde2 c3 37. Rxe5 Rxe5 38. Rxe5 Qa1+ 39. Kg2 Qb2+ 40.
Kh3 Qb8 41. Qf6 1-0

[Event "35 Andorra Open"]
[Site "Escaldes"]
[Date "2017.07.28"]
[Round "7.22"]
[White "Degraeve, Jean-Marc"]
[Black "Gomez Anadon, Daniel"]
[Result "1/2-1/2"]
[WhiteElo "2585"]
[BlackElo "2165"]
[PlyCount "130"]
[EventDate "2017.07.22"]
[EventType "swiss"]
[EventRounds "9"]
[EventCountry "AND"]

1. e4 c5 2. Nf3 d6 3. Nc3 Nf6 4. e5 dxe5 5. Nxe5 a6 6. a4 Qc7 7. Nc4 Be6 8. d3
Nc6 9. g3 Bxc4 10. dxc4 Rd8 11. Bd2 Qe5+ 12. Be2 Nd4 13. Kf1 Qf5 14. Bd3 Qh3+
15. Kg1 h5 16. Ne4 h4 17. Nxf6+ gxf6 18. Be3 Bh6 19. Bxd4 Rxd4 20. Qf3 Qd7 21.
Kg2 h3+ 22. Kf1 Kf8 23. Bf5 e6 24. Bxh3 Rd2 25. Kg2 Rxc2 26. Rhd1 Qc6 27. Qxc6
bxc6 28. Ra3 f5 29. Rd7 Rxb2 30. Ra7 Bg7 31. Rxa6 Bd4 32. Rf3 Kg7 33. Ra7 Ra2
34. g4 Kf6 35. g5+ Ke5 36. Rxf7 Rg8 37. Re7 Rxg5+ 38. Rg3 Rxg3+ 39. hxg3 Rxf2+
40. Kh1 Ra2 41. Ra7 f4 42. Rg7 f3 43. Rg6 Ra1+ 44. Kh2 Ra2+ 45. Kh1 Ra1+ 46.
Kh2 Bg1+ 47. Kh1 Kd4 48. Rxe6 Kxc4 49. Re7 Bd4+ 50. Kh2 Ra2+ 51. Kh1 Rxa4 52.
Rf7 Ra1+ 53. Kh2 f2 54. g4 Kd3 55. g5 Rg1 56. Bg2 c4 57. g6 Be5+ 58. Kh3 f1=Q
59. Bxf1+ Rxf1 60. Rxf1 c3 61. Kg4 c2 62. Kf5 Bg7 63. Ke6 Kd2 64. Rf2+ Kc3 65.
Rxc2+ Kxc2 1/2-1/2

[Event "35 Andorra Open"]
[Site "Escaldes"]
[Date "2017.07.28"]
[Round "7.23"]
[White "Sanchez, Louis"]
[Black "Barbot, Pierre"]
[Result "1/2-1/2"]
[WhiteElo "2229"]
[BlackElo "2453"]
[PlyCount "106"]
[EventDate "2017.07.22"]
[EventType "swiss"]
[EventRounds "9"]
[EventCountry "AND"]

1. Nf3 g6 2. d4 Nf6 3. g3 c5 4. c3 Qa5 5. Nbd2 cxd4 6. Nb3 Qh5 7. cxd4 d6 8. h3
Nc6 9. Bg2 h6 10. a4 Be6 11. Nfd2 g5 12. Ne4 Nxe4 13. Bxe4 Bxb3 14. Bxc6+ bxc6
15. Qxb3 Bg7 16. d5 O-O 17. dxc6 Rab8 18. Qe3 Rb6 19. c7 e6 20. Bd2 Bxb2 21.
Rb1 Bd4 22. Rxb6 Bxb6 23. Qc3 Rc8 24. a5 Bxc7 25. Qc6 f6 26. Qb7 Qe8 27. Qxa7
Qc6 28. O-O Ra8 29. Qe3 Qd5 30. Ra1 Qe5 31. Qxe5 fxe5 32. Kg2 Kf7 33. Kf3 d5
34. e4 Ra7 35. Ra2 Kf6 36. Ra4 Kf7 37. Bc3 Kf6 38. Kg4 Kg6 39. Kf3 h5 40. g4
hxg4+ 41. Kxg4 Ra6 42. f3 Kh6 43. Bd2 Kg6 44. Ra2 d4 45. Ra1 Bd8 46. Ra2 Bc7
47. Rc2 Bxa5 48. Ra2 Bxd2 49. Rxa6 Kf6 50. Kh5 Bf4 51. Ra3 Bc1 52. Rb3 Bf4 53.
Ra3 Bc1 1/2-1/2